Explorations in economic history

Na minha lista:
Detalhes bibliográficos
Formato: Periódico
Idioma:inglês
Publicado em: New York Academic Press 1977
Tags: Adicionar Tag
Sem tags, seja o primeiro a adicionar uma tag!

MARC

LEADER 00000nas2a2200000$$$4500
001 0010886
005 20250730114258.3
041 0 |a eng 
044 |a US 
245 1 0 |a Explorations in economic history 
264 1 |a New York  |b Academic Press  |c 1977 
300 |a 1 zv. 
773 0 |w eu_un_cat*0010884